New York Cities with the most Black Residents - Statistics

General Stats
  • This quiz has been taken 9 times
  • The average score is 7 of 10
Answer Stats
City % Black % Correct
Albany 26
100%
Buffalo 32
100%
Rochester 36
89%
Syracuse 27
89%
Mount Vernon 60
67%
New Rochelle 19
67%
Poughkeepsie 32
67%
Schenectady 20
44%
Newburgh 25
33%
Middletown 26
11%
No matching quizzes found
Score Distribution
Percent of People with Each Score
Percentile by Number Answered
Your Score History
You have not taken this quiz